000 00763nam a22001935i 4500
001 158683
003 ES-MaACL
005 20240229062727.0
008 950111s1815 sp |||| | spa d
040 _aAR
_bspa
100 1 _aMarcillac, Luis de.
_9129458
245 1 0 _aHistoria de la guerra entre la Francia y la España durante la Revolución francesa /
_cescrita en este idioma por Luis de Marcillac ; traducida al español por el C.D.J.B.
260 _aMadrid :
_b[s.n.],
_c1815 (
_fImp. de Repullés)
300 _aXL, 284 p. ;
_c21 cm.
651 4 _aEspaña-
_xHistoria-
_y1808-1814, Guerra de la Independencia
_98244
651 4 _aFrancia-
_xHistoria-
_y1789-1799, Revolución
_98685
852 _aES-MaACL
_jF-7037
_z-- Enc. pasta
999 _c158683
_d158683